| 000 -CABECERA |
| Campo de control de longitud fija |
00736nam a22001817a 4500 |
| 008 - CAMPO FIJO DE DESCRIPCIÓN FIJA--INFORMACIÓN GENERAL |
| Campo de control de longitud fija |
240109b ||||| |||| 00| 0 eng d |
| 040 ## - FUENTE DE CATALOGACIÓN |
| Agencia de catalogación original |
CDMR |
| Agencia que realiza la transcripción |
CDMR |
| 110 1# - ENCABEZAMIENTO PRINCIPAL--NOMBRE CORPORATIVO |
| 9 (RLIN) |
828 |
| Nombre corporativo o de jurisdicción como elemento de entrada |
Consell de l'Audiovisual de Catalunya |
| 245 ## - MENCIÓN DE TÍTULO |
| Título |
La paritat de gènere a la ràdio i la televisió públiques |
| Parte restante del título |
: síntesi |
| Mención de responsabilidad, etc. |
/ Consell de l'Audiovisual de Catalunya ; [direcció de l'estudi: Sílvia Cóppulo] |
| 260 ## - PUBLICACIÓN, DISTRIBUCIÓN, ETC (PIE DE IMPRENTA) |
| Lugar de publicación, distribución, etc. |
[S.l. : |
| Nombre del editor, distribuidor, etc. |
s.n., |
| Fecha de publicación, distribución, etc. |
2008] |
| 300 ## - DESCRIPCIÓN FÍSICA |
| Extensión |
1 CD (48 pàg.) |
| 500 ## - NOTA GENERAL |
| Nota general |
Ecos es menciona a la portada |
| 650 #0 - ASIENTO SECUNDARIO DE MATERIA--TÉRMINO DE MATERIA |
| 9 (RLIN) |
4233 |
| Nombre de materia o nombre geográfico como elemento de entrada |
Dones en el periodisme |
| Subdivisión geográfica |
Catalunya |
| 650 #0 - ASIENTO SECUNDARIO DE MATERIA--TÉRMINO DE MATERIA |
| 9 (RLIN) |
2913 |
| Nombre de materia o nombre geográfico como elemento de entrada |
Dones periodistes |
| Subdivisión geográfica |
Catalunya |
| 650 #0 - ASIENTO SECUNDARIO DE MATERIA--TÉRMINO DE MATERIA |
| 9 (RLIN) |
3818 |
| Nombre de materia o nombre geográfico como elemento de entrada |
Mitjans de comunicació de massa i dones |
| Subdivisión geográfica |
Catalunya |
| 700 1# - ENCABEZAMIENTO SECUNDARIO--NOMBRE PERSONAL |
| 9 (RLIN) |
2995 |
| Nombre de persona |
Cóppulo, Sílvia |
| 942 ## - ELEMENTOS KOHA |
| Fuente de clasificación o esquema de ordenación en estanterías |
|
| Koha tipo de item |
Fullets |